| 000 | 00419nam a2200157Ia 4500 | ||
|---|---|---|---|
| 005 | 20250429122026.0 | ||
| 008 | 231217s9999 xx 000 0 und d | ||
| 020 | _a9780789732729 | ||
| 082 | _a004.076 KEE;1 R | ||
| 100 | _aKeele, Allen. Mortier, Keith. | ||
| 245 | 0 | _aCISA : certified information systems auditor | |
| 260 |
_c2005 _bQue Certification _aUS |
||
| 300 | _axxxvi+420 | ||
| 650 | _aaaa | ||
| 942 | _cAA | ||
| 999 |
_c182712 _d182712 |
||